[Event "SWE-chT 1819 Elite"]
[Site "Sweden"]
[Date "2019.03.31"]
[Round "9.1"]
[White "Ahlander, Bjorn"]
[Black "Lindberg, Bo"]
[Result "1-0"]
[WhiteElo "2409"]
[BlackElo "2384"]
[PlyCount "123"]
[EventDate "2018.11.09"]
[EventType "team-tourn"]
[EventRounds "9"]
[EventCountry "SWE"]
[SourceTitle "CBM 189 Extra"]
[Source "ChessBase"]
[SourceDate "2019.06.03"]
[SourceVersion "1"]
[SourceVersionDate "2019.06.03"]
[SourceQuality "1"]
[WhiteTeam "Lunds"]
[BlackTeam "Wasa"]
[WhiteTeamCountry "SWE"]
[BlackTeamCountry "SWE"]

1. d4 Nf6 2. c4 e6 3. Nf3 b6 4. g3 Bb7 5. Bg2 g6 6. 0-0 Bg7 7. Nc3 Ne4 8. Nxe4 Bxe4 9. Bg5 f6 10. Bf4 0-0 11. Re1 d6 12. d5 e5 13. Bc1 Qc8 14. Bf1 a5 15. Nd2 Bf5 16. Nb1 Bh3 17. Nc3 Na6 18. e4 Nc5 19. Be3 Bxf1 20. Rxf1 Qh3 21. f3 Bh6 22. Bxc5 bxc5 23. Qe2 f5 24. Nd1 Rab8 25. Nf2 Qh5 26. Kg2 Qg5 27. Rae1 a4 28. Nd3 Qd2 29. Qxd2 Bxd2 30. Re2 Bh6 31. h4 Rf7 32. g4 fxg4 33. fxg4 Bf4 34. Rf3 h6 35. Rc2 g5 36. h5 Rff8 37. Kf2 Ra8 38. Ke2 Rfb8 39. Rc3 Kf7 40. Kd1 Ke7 41. Kc2 Kd7 42. Ra3 Rb4 43. Nxb4 cxb4 44. Rad3 Ra5 45. Rd1 Rc5 46. Kd3 Kc8 47. a3 b3 48. Kc3 Kb7 49. Kb4 Kb6 50. Rc3 Ra5 51. c5+ dxc5+ 52. Kc4 Ra8 53. d6 Rd8 54. d7 Kc6 55. Rd5 Kb6 56. Rcd3 c6 57. Rd6 Bc1 58. Rxh6 Bxb2 59. Rh8 Rxh8 60. d8Q+ Rxd8 61. Rxd8 Kc7 62. Rd1 1-0

[Event "SWE-chT 1819 Elite"]
[Site "Sweden"]
[Date "2019.03.30"]
[Round "8.1"]
[White "Lindberg, Bo"]
[Black "Wiedenkeller, Michael"]
[Result "1/2-1/2"]
[WhiteElo "2384"]
[BlackElo "2462"]
[PlyCount "105"]
[EventDate "2018.11.09"]
[EventType "team-tourn"]
[EventRounds "9"]
[EventCountry "SWE"]
[SourceTitle "CBM 189 Extra"]
[Source "ChessBase"]
[SourceDate "2019.06.03"]
[SourceVersion "1"]
[SourceVersionDate "2019.06.03"]
[SourceQuality "1"]
[WhiteTeam "Wasa"]
[BlackTeam "Stockholm Rockaden"]
[WhiteTeamCountry "SWE"]
[BlackTeamCountry "SWE"]

1. d4 Nf6 2. Bg5 Ne4 3. Bf4 d5 4. e3 c5 5. Bd3 Nf6 6. Nf3 Nc6 7. h3 c4 8. Be2 b5 9. Nc3 a6 10. Ne5 Bb7 11. a3 e6 12. 0-0 Be7 13. Bf3 0-0 14. g4 Nxe5 15. Bxe5 Bc6 16. Bg2 a5 17. a4 b4 18. Ne2 Rc8 19. Bh2 Qd7 20. b3 Bb7 21. Re1 Ne4 22. f3 Nc3 23. Nxc3 bxc3 24. Bf1 cxb3 25. cxb3 Bb4 26. Qc2 Ra8 27. Bd3 h6 28. Qg2 Ba6 29. Bc2 Qe7 30. Kh1 g6 31. Bf4 Kh7 32. g5 Bd6 33. Bxd6 Qxd6 34. gxh6 Rg8 35. Qg5 Qf8 36. Qf6 Qxh6 37. Qxf7+ Rg7 38. Qxe6 Re8 39. Qd6 Rxe3 40. Qg3 Rxe1+ 41. Rxe1 Bc8 42. Re2 Bf5 43. Kh2 Bxc2 44. Rxc2 Rf7 45. f4 Qxf4 46. Qxf4 Rxf4 47. Rxc3 Rxd4 48. Rc5 Rd3 49. Rxa5 Rxb3 50. Rxd5 Ra3 51. Rd4 Kh6 52. h4 g5 53. hxg5+ 1/2-1/2

[Event "SWE-chT 1819 Elite"]
[Site "Sweden"]
[Date "2019.03.10"]
[Round "5"]
[White "Lindberg, Bo"]
[Black "Olund, Joar"]
[Result "1/2-1/2"]
[WhiteElo "2384"]
[BlackElo "2353"]
[PlyCount "55"]
[EventDate "2018.11.09"]
[EventType "team-tourn"]
[EventRounds "9"]
[EventCountry "SWE"]
[SourceTitle "EXT 2021"]
[Source "ChessBase"]
[SourceDate "2020.10.23"]
[SourceVersion "1"]
[SourceVersionDate "2020.10.23"]
[SourceQuality "1"]
[WhiteTeam "Wasa"]
[BlackTeam "Stockholm CC"]
[WhiteTeamCountry "SWE"]
[BlackTeamCountry "SWE"]

1. d4 Nf6 2. Bg5 d5 3. e3 c6 4. Bxf6 exf6 5. c4 Be6 6. cxd5 Bxd5 7. Nc3 Be6 8. Nge2 Bd6 9. g3 Nd7 10. Nf4 Bxf4 11. gxf4 f5 12. d5 cxd5 13. Qd4 0-0 14. Bg2 Nf6 15. 0-0 Qd7 16. Rfd1 Rfd8 17. Rd3 Ne4 18. Rad1 Nxc3 19. Rxc3 b6 20. Rcd3 Rac8 21. Bxd5 Qxd5 22. Qxd5 Rxd5 23. Rxd5 Bxd5 24. Rxd5 g6 25. Rd7 Rc2 26. Rxa7 Rxb2 27. a4 b5 28. axb5 1/2-1/2

[Event "SWE-chT 1617"]
[Site "Sweden"]
[Date "2017.03.25"]
[Round "8.1"]
[White "Lindberg, Bo"]
[Black "Dragicevic, Drazen"]
[Result "0-1"]
[WhiteElo "2402"]
[BlackElo "2298"]
[PlyCount "76"]
[EventDate "2016.10.14"]
[EventType "team-tourn"]
[EventRounds "9"]
[EventCountry "SWE"]
[SourceTitle "CBM 177 Extra"]
[Source "ChessBase"]
[SourceDate "2017.04.27"]
[SourceVersion "1"]
[SourceVersionDate "2017.04.27"]
[SourceQuality "1"]
[WhiteTeam "Viking Team"]
[BlackTeam "Lunds"]
[WhiteTeamCountry "SWE"]
[BlackTeamCountry "SWE"]

1. d4 Nf6 2. Nf3 g6 3. Nbd2 d5 4. e3 Bg7 5. b4 0-0 6. Be2 b6 7. Bb2 c5 8. dxc5 bxc5 9. bxc5 Qc7 10. Nb3 Nbd7 11. 0-0 a5 12. c6 Qxc6 13. Nbd4 Qc7 14. Nb5 Qd8 15. c4 dxc4 16. Bxc4 Nb6 17. Be2 Qxd1 18. Rfxd1 Ba6 19. Rac1 Rac8 20. Kf1 Ne4 21. Nfd4 Na4 22. Ba3 Bf6 23. Rxc8 Rxc8 24. Rc1 e5 25. Rxc8+ Bxc8 26. Nc6 Be6 27. Nxa5 Bxa2 28. Bb4 Nec5 29. Nc4 e4 30. Ncd6 Be5 31. h3 Nd3 32. Ba5 Ndc5 33. Nc4 Bg7 34. Nbd6 Nc3 35. Nd2 Nxe2 36. Kxe2 f5 37. Bb6 Nb3 38. N2c4 Bb1 0-1

[Event "Hasselbacken op"]
[Site "Stockholm"]
[Date "2016.05.08"]
[Round "9"]
[White "Lindberg, Bo"]
[Black "Tuomainen, Felix"]
[Result "1-0"]
[WhiteElo "2397"]
[BlackElo "2205"]
[PlyCount "49"]
[EventDate "2016.04.30"]
[EventType "swiss"]
[EventRounds "9"]
[EventCountry "SWE"]
[SourceTitle "CBM 172 Extra"]
[Source "ChessBase"]
[SourceDate "2016.06.21"]
[SourceVersion "1"]
[SourceVersionDate "2016.06.21"]
[SourceQuality "1"]

1. d4 Nf6 2. Nf3 g6 3. Nbd2 d5 4. b4 b6 5. e3 Bg7 6. Bb2 0-0 7. Be2 c5 8. bxc5 bxc5 9. dxc5 Na6 10. Bd4 Qa5 11. 0-0 Nxc5 12. Nb3 Nxb3 13. axb3 Qc7 14. Be5 Qb6 15. Qd4 Bf5 16. Ra6 Qb7 17. Ra2 a5 18. Rfa1 Rfc8 19. Ne1 Ne8 20. Bxg7 Nxg7 21. Rxa5 Rxa5 22. Rxa5 Bxc2 23. Ba6 Qc7 24. Qd2 Qc3 25. Rxd5 1-0

[Event "Hasselbacken op"]
[Site "Stockholm"]
[Date "2016.05.07"]
[Round "8"]
[White "Thorn, Eric"]
[Black "Lindberg, Bo"]
[Result "1-0"]
[WhiteElo "2204"]
[BlackElo "2397"]
[PlyCount "93"]
[EventDate "2016.04.30"]
[EventType "swiss"]
[EventRounds "9"]
[EventCountry "SWE"]
[SourceTitle "CBM 172 Extra"]
[Source "ChessBase"]
[SourceDate "2016.06.21"]
[SourceVersion "1"]
[SourceVersionDate "2016.06.21"]
[SourceQuality "1"]

1. d4 f5 2. g3 Nf6 3. Bg2 g6 4. Nf3 Bg7 5. 0-0 0-0 6. c4 d6 7. Nc3 Qe8 8. d5 Na6 9. Rb1 Nc5 10. b3 e5 11. dxe6 Nfe4 12. Nxe4 Nxe4 13. Bb2 Bxb2 14. Rxb2 Qxe6 15. Rc2 Qf6 16. Qd5+ Kg7 17. Nd2 Nc5 18. b4 c6 19. Qf3 Nd7 20. Qa3 Ne5 21. b5 Bd7 22. Rb1 Rf7 23. bxc6 Bxc6 24. Bxc6 Nxc6 25. Rcb2 Rb8 26. Nf3 b6 27. Rd2 Na5 28. Rc1 Rd8 29. Nd4 Rc8 30. Nb5 Nxc4 31. Rxc4 Rxc4 32. Nxd6 Re4 33. Nxf7 Qxf7 34. Qb2+ Kh6 35. Rd8 f4 36. Qd2 Qe7 37. Rd7 Qe5 38. gxf4 Rxf4 39. Rd5 Qe4 40. f3 Qb4 41. Qc1 Qc4 42. Qd2 g5 43. h4 Kh5 44. hxg5 Qb4 45. Qd3 Qe7 46. g6+ Kh4 47. Qd2 1-0

[Event "SWE-chT 1516"]
[Site "Sweden"]
[Date "2015.11.07"]
[Round "2.1"]
[White "Ernst, Thomas"]
[Black "Lindberg, Bo"]
[Result "1-0"]
[WhiteElo "2347"]
[BlackElo "2404"]
[PlyCount "111"]
[EventDate "2015.11.06"]
[EventType "team-tourn"]
[EventRounds "9"]
[EventCountry "SWE"]
[SourceTitle "CBM 169 Extra"]
[Source "ChessBase"]
[SourceDate "2015.12.18"]
[SourceVersion "1"]
[SourceVersionDate "2015.12.18"]
[SourceQuality "1"]
[WhiteTeam "Farsta"]
[BlackTeam "Stockholm Viking"]
[WhiteTeamCountry "SWE"]
[BlackTeamCountry "SWE"]

1. e4 e5 2. Nf3 Nc6 3. Bb5 a6 4. Ba4 Nf6 5. 0-0 Be7 6. Re1 b5 7. Bb3 d6 8. c3 0-0 9. h3 Nb8 10. d4 Nbd7 11. Nbd2 Bb7 12. Bc2 Re8 13. Nf1 Bf8 14. Ng3 g6 15. a4 c5 16. d5 c4 17. Bg5 Be7 18. Qd2 Qc7 19. Rf1 Nc5 20. Qe3 Rab8 21. Nd2 Nfd7 22. Bxe7 Rxe7 23. f4 exf4 24. Qxf4 Ne5 25. Qg5 Ree8 26. Nf5 Qd8 27. Qg3 Bc8 28. Nf3 Bxf5 29. exf5 Nxf3+ 30. Rxf3 Rb7 31. axb5 axb5 32. Raf1 Rbe7 33. fxg6 fxg6 34. Rf6 Nb7 35. Bxg6 Rg7 36. Bf7+ Kh8 37. Qf2 Rf8 38. Be6 Rxf6 39. Qxf6 Qxf6 40. Rxf6 Re7 41. Rf8+ Kg7 42. Rb8 Kf6 43. Kf2 Ke5 44. Ke3 Nc5 45. Rxb5 Nxe6 46. dxe6+ d5 47. Rb6 Rg7 48. g4 h5 49. gxh5 Rh7 50. Kf3 Rxh5 51. Kg4 Rh8 52. e7 Re8 53. Rb7 Rg8+ 54. Kf3 Rh8 55. h4 Kf5 56. Rd7 1-0

[Event "SWE-chT 1415 Elite"]
[Site "Sweden"]
[Date "2015.03.20"]
[Round "7.4"]
[White "Smith, Axel"]
[Black "Lindberg, Bo"]
[Result "0-1"]
[WhiteElo "2479"]
[BlackElo "2413"]
[PlyCount "202"]
[EventDate "2014.11.21"]
[EventType "team-tourn"]
[EventRounds "9"]
[EventCountry "SWE"]
[SourceTitle "EXT 2016"]
[Source "ChessBase"]
[SourceDate "2015.10.08"]
[SourceVersion "1"]
[SourceVersionDate "2015.10.08"]
[SourceQuality "1"]
[WhiteTeam "Lunds"]
[BlackTeam "Stockholm Viking"]
[WhiteTeamCountry "SWE"]
[BlackTeamCountry "SWE"]

1. d4 f5 2. c4 Nf6 3. Nc3 d6 4. Bg5 Nbd7 5. Qc2 e5 6. 0-0-0 exd4 7. Rxd4 Nc5 8. Nd5 Be7 9. Nxe7 Qxe7 10. e3 Ne6 11. Bxf6 Qxf6 12. Rd2 Bd7 13. Ne2 0-0 14. Nc3 Rae8 15. g3 Bc6 16. Nd5 Qf7 17. Kb1 Nc5 18. Bg2 Re5 19. Rd4 Rfe8 20. h4 Ne4 21. Rhd1 b6 22. Bf3 a5 23. g4 Kh8 24. gxf5 Bxd5 25. cxd5 Qxf5 26. Bxe4 Rxe4 27. Rc4 Qf3 28. Rxe4 Rxe4 29. Kc1 h6 30. h5 Re7 31. b3 Qxh5 32. Rd4 Kg8 33. Kb2 Qf3 34. Ka3 Rf7 35. Rd2 h5 36. Qc4 g6 37. Ka4 Kh7 38. Kb5 Kh6 39. Qd4 Qf6 40. Qxf6 Rxf6 41. Kc6 Rf7 42. f4 g5 43. fxg5+ Kxg5 44. Rg2+ Kh6 45. e4 h4 46. Re2 Rh7 47. e5 dxe5 48. Rxe5 h3 49. Re1 h2 50. Rh1 Kg6 51. d6 cxd6 52. Kxb6 Rh5 53. a4 Kf6 54. b4 axb4 55. a5 b3 56. a6 b2 57. a7 Rh8 58. Kb7 Ke5 59. a8Q Rxa8 60. Kxa8 Kd4 61. Kb7 Kc4 62. Kc6 d5 63. Kd6 d4 64. Ke5 d3 65. Ke4 Kc3 66. Ke3 d2 67. Rd1 b1Q 68. Rxb1 Kc2 69. Rh1 d1Q 70. Rxh2+ Kc3 71. Rf2 Qd4+ 72. Kf3 Kd3 73. Kg3 Qe5+ 74. Kg4 Ke3 75. Rf3+ Ke4 76. Rf1 Qg7+ 77. Kh4 Ke3 78. Kh5 Qg8 79. Rf5 Ke4 80. Rf1 Qg3 81. Rf8 Ke5 82. Rf7 Ke6 83. Rf8 Qe5+ 84. Kg6 Qg3+ 85. Kh5 Qe5+ 86. Kg6 Qe4+ 87. Kg5 Qg2+ 88. Kh4 Qg6 89. Rf4 Ke5 90. Rf3 Qg1 91. Rf8 Qd4+ 92. Kh5 Qd7 93. Kg6 Qg4+ 94. Kh7 Qg5 95. Rf7 Ke6 96. Rg7 Qh5+ 97. Kg8 Kf6 98. Ra7 Qg4+ 99. Kh8 Qh3+ 100. Kg8 Qg3+ 101. Kh7 Qh2+ 0-1

[Event "EU-Cup 30th"]
[Site "Bilbao"]
[Date "2014.09.14"]
[Round "1.2"]
[White "Lindberg, Bo"]
[Black "Giri, Anish"]
[Result "0-1"]
[WhiteElo "2403"]
[BlackElo "2758"]
[PlyCount "158"]
[EventDate "2014.09.14"]
[EventType "team-swiss"]
[EventRounds "7"]
[EventCountry "ESP"]
[SourceTitle "CBM 163"]
[Source "ChessBase"]
[SourceDate "2014.11.11"]
[SourceVersion "1"]
[SourceVersionDate "2014.11.11"]
[SourceQuality "1"]
[WhiteTeam "Stockholm Viking"]
[BlackTeam "SOCAR"]
[WhiteTeamCountry "SWE"]
[BlackTeamCountry "AZE"]

1. d4 d5 2. Nf3 Nf6 3. c4 e6 4. Nc3 c6 5. cxd5 exd5 6. Qc2 Be7 7. Bg5 h6 8. Bxf6 Bxf6 9. e3 0-0 10. b4 Qe7 11. Rb1 Bg4 12. Be2 Bxf3 13. gxf3 Nd7 14. 0-0 b5 15. a4 a6 16. a5 Bh4 17. Na2 Rac8 18. Nc1 f5 19. Nd3 Rf6 20. Kh1 Re8 21. Rbe1 g5 22. Rg1 Kh8 23. Bf1 Qd6 24. Bh3 Qf8 25. Rc1 Qf7 26. Qb2 Qh5 27. Bg2 f4 28. Ne5 Nxe5 29. dxe5 Rfe6 30. Rc2 fxe3 31. fxe3 Bg3 32. h3 Bxe5 33. Qc1 Rf8 34. Rf1 Qe8 35. f4 gxf4 36. exf4 Bxf4 37. Qd1 Be5 38. Re2 Rxf1+ 39. Qxf1 Bg7 40. Rxe6 Qxe6 41. Bf3 Qf5 42. Kg2 Qg5+ 43. Kh1 Qf4 44. Qe2 Be5 45. Bg4 d4 46. Kg2 Kg7 47. Qf2 Qe4+ 48. Qf3 Qc2+ 49. Kf1 d3 50. Bh5 Qc1+ 51. Qd1 d2 52. Ke2 Qc4+ 53. Kxd2 Bf4+ 54. Ke1 Bg3+ 55. Kd2 Bf4+ 56. Ke1 Qc3+ 57. Kf2 Qe3+ 58. Kg2 Qg3+ 59. Kf1 Qxh3+ 60. Ke1 Qh1+ 61. Kf2 Qh2+ 62. Kf1 Qh1+ 63. Kf2 Qxd1 64. Bxd1 Bd6 65. Bf3 Bxb4 66. Bxc6 Bxa5 67. Kf3 Bc3 68. Ke4 Kf6 69. Be8 Ke7 70. Bh5 Kd6 71. Kd3 Bf6 72. Bf7 Kc5 73. Kc2 a5 74. Kb3 a4+ 75. Ka3 Be7 76. Be8 Kb6+ 77. Ka2 Bf6 78. Bh5 b4 79. Bd1 Ka5 0-1

[Event "Stockholm op"]
[Site "Stockholm"]
[Date "2014.05.28"]
[Round "2"]
[White "Pettersson, Alexander"]
[Black "Lindberg, Bo"]
[Result "0-1"]
[WhiteElo "2061"]
[BlackElo "2417"]
[PlyCount "76"]
[EventDate "2014.05.28"]
[EventType "swiss"]
[EventRounds "9"]
[EventCountry "SWE"]
[SourceTitle "CBM 160 Extra"]
[Source "ChessBase"]
[SourceDate "2014.07.01"]
[SourceVersion "1"]
[SourceVersionDate "2014.07.01"]
[SourceQuality "1"]

1. d4 Nf6 2. Nf3 g6 3. Nc3 d5 4. Bf4 Bg7 5. e3 0-0 6. Be2 c5 7. Ne5 cxd4 8. exd4 e6 9. 0-0 Nfd7 10. Nf3 Nc6 11. Qd2 Nf6 12. Ne5 Qb6 13. Nxc6 Qxc6 14. Be5 Bd7 15. Rfe1 Ne8 16. Bxg7 Kxg7 17. h4 Nd6 18. h5 f6 19. Bf1 Rae8 20. Rad1 Qb6 21. Qc1 Nf5 22. hxg6 hxg6 23. Ne2 Bb5 24. c3 Rh8 25. g3 e5 26. Qd2 g5 27. Bg2 e4 28. Qc2 Qe6 29. a4 Ba6 30. b4 Bc4 31. Qc1 Qf7 32. g4 Nh6 33. f3 exf3 34. Bxf3 Qc7 35. Kg2 Nxg4 36. Bxg4 Qh2+ 37. Kf1 Qh1+ 38. Kf2 Rh2+ 0-1

[Event "SWE Cup"]
[Site "Linkoping"]
[Date "2013.09.07"]
[Round "4.1"]
[White "Fransson, Percy"]
[Black "Lindberg, Bo"]
[Result "0-1"]
[WhiteElo "2182"]
[BlackElo "2421"]
[PlyCount "56"]
[EventDate "2013.09.06"]
[EventType "team-tourn"]
[EventRounds "7"]
[EventCountry "SWE"]
[SourceTitle "CBM 156 Extra"]
[Source "ChessBase"]
[SourceDate "2013.10.22"]
[SourceVersion "1"]
[SourceVersionDate "2013.10.22"]
[SourceQuality "1"]
[WhiteTeam "Orgryte"]
[BlackTeam "Team Viking"]
[WhiteTeamCountry "SWE"]
[BlackTeamCountry "SWE"]

1. e4 e5 2. Nf3 Nc6 3. c3 f5 4. d4 fxe4 5. Nxe5 Nf6 6. Bg5 Be7 7. Nd2 0-0 8. Be2 Qe8 9. Qb3+ Kh8 10. 0-0-0 d6 11. Nxc6 bxc6 12. Rde1 Qg6 13. h4 h6 14. Bxf6 Bxf6 15. g4 d5 16. Reg1 Be7 17. f3 exf3 18. Bxf3 Bd6 19. Qc2 Qxc2+ 20. Kxc2 Bd7 21. Rf1 Rae8 22. c4 Rf4 23. cxd5 cxd5 24. g5 Rxd4 25. gxh6 gxh6 26. a3 Bf5+ 27. Kc1 Bf4 28. Rf2 Re6 0-1

[Event "SWE Cup"]
[Site "Linkoping"]
[Date "2013.09.07"]
[Round "3.1"]
[White "Lindberg, Bo"]
[Black "Ask, Josef"]
[Result "1/2-1/2"]
[WhiteElo "2421"]
[BlackElo "2195"]
[PlyCount "142"]
[EventDate "2013.09.06"]
[EventType "team-tourn"]
[EventRounds "7"]
[EventCountry "SWE"]
[SourceTitle "CBM 156 Extra"]
[Source "ChessBase"]
[SourceDate "2013.10.22"]
[SourceVersion "1"]
[SourceVersionDate "2013.10.22"]
[SourceQuality "1"]
[WhiteTeam "Team Viking"]
[BlackTeam "Vastervik"]
[WhiteTeamCountry "SWE"]
[BlackTeamCountry "SWE"]

1. d4 d5 2. Bg5 h6 3. Bh4 c6 4. Nc3 Bf5 5. Qd2 Nd7 6. f3 Ngf6 7. 0-0-0 Qa5 8. e4 dxe4 9. fxe4 Bg4 10. Be2 Bxe2 11. Ngxe2 e6 12. Rhf1 Bb4 13. Qe3 Nb6 14. Qd3 Be7 15. Kb1 Rd8 16. e5 Nfd5 17. Bxe7 Nxe7 18. Ne4 Nbc8 19. Qg3 0-0 20. Nf6+ Kh8 21. Nh5 Ng6 22. Qe3 Nce7 23. g4 Nd5 24. Qc1 c5 25. g5 hxg5 26. Qxg5 Qb5 27. Rd3 Kg8 28. dxc5 Qxc5 29. Nef4 Nde7 30. Rxd8 Rxd8 31. Nxg6 fxg6 32. Nf4 Qf2 33. Rc1 Rd7 34. Nxg6 Nf5 35. Nf4 Qxh2 36. Nxe6 Qxe5 37. Qg6 Rf7 38. Rh1 Nh4 39. Qg4 Nf3 40. Qh3 Nd2+ 41. Kc1 Rf1+ 42. Rxf1 Nxf1 43. Qxf1 Qxe6 44. b3 g5 45. Qb5 Qe7 46. Qd5+ Kh7 47. Kd2 Kh6 48. Qd4 b6 49. a4 Kh5 50. Qd5 Qb4+ 51. Kd3 Qf4 52. a5 Kh4 53. axb6 axb6 54. Qd8 Qf5+ 55. Kd2 Qf2+ 56. Kd3 Qf3+ 57. Kc4 Qe4+ 58. Kc3 Qe3+ 59. Kc4 Kh3 60. Qh8+ Kg3 61. b4 g4 62. Kb5 Kg2 63. Qa8+ Kg1 64. Qa1+ Kg2 65. c4 g3 66. c5 bxc5 67. bxc5 Kf2 68. Qf6+ Ke1 69. Qa1+ Kf2 70. Qf6+ Ke1 71. Qa1+ Kf2 1/2-1/2

[Event "EU-Cup 28th"]
[Site "Eilat"]
[Date "2012.10.16"]
[Round "6.3"]
[White "Lindberg, Bo"]
[Black "Kurajica, Bojan"]
[Result "0-1"]
[WhiteElo "2403"]
[BlackElo "2558"]
[PlyCount "168"]
[EventDate "2012.10.11"]
[EventType "team-swiss"]
[EventRounds "7"]
[EventCountry "ISR"]
[SourceTitle "CBM 151"]
[Source "ChessBase"]
[SourceDate "2012.11.13"]
[SourceVersion "1"]
[SourceVersionDate "2012.11.13"]
[SourceQuality "1"]
[WhiteTeam "Team Viking"]
[BlackTeam "Siroki Brijeg"]
[WhiteTeamCountry "SWE"]
[BlackTeamCountry "BIH"]

1. d4 Nf6 2. Bg5 c6 3. Bxf6 exf6 4. e3 Qb6 5. Qc1 f5 6. c4 g6 7. Nc3 Bg7 8. g3 d6 9. Nge2 Nd7 10. Bg2 Nf6 11. Qc2 Be6 12. b3 h5 13. h4 Bh6 14. Qd3 d5 15. cxd5 cxd5 16. 0-0 0-0 17. Qb5 Qd6 18. Qc5 Qd7 19. Qb5 Qd6 20. Qc5 Qd8 21. Rac1 b6 22. Qa3 Re8 23. Rc2 a6 24. Nf4 Bf8 25. Qb2 Qd6 26. Rfc1 Rad8 27. Na4 Bd7 28. Rc7 b5 29. Rxd7 Rxd7 30. Nc5 Rc7 31. b4 Bh6 32. Ne2 Ne4 33. Qb3 Rce7 34. Nxe4 dxe4 35. Rc5 f4 36. gxf4 Qf6 37. Ng3 Qxh4 38. f5 Kh7 39. d5 Qf6 40. fxg6+ fxg6 41. Qc2 Qa1+ 42. Qc1 Qxa2 43. Rc7 Qxd5 44. Nxe4 Qf7 45. Rxe7 Qxe7 46. Qc6 Rf8 47. Qxa6 Qxb4 48. Qb7+ Kh8 49. Qc6 Kg7 50. Qc7+ Kh8 51. Qc6 Qb1+ 52. Kh2 Qb2 53. Qxg6 Qe5+ 54. f4 Qg7 55. Qxh5 Qh7 56. Ng3 Bg7 57. Qxh7+ Kxh7 58. Bd5 b4 59. Kg2 Rb8 60. Bb3 Ra8 61. Ne2 Ra3 62. Nc1 Kh8 63. Be6 Rxe3 64. f5 Bd4 65. Nb3 Bb6 66. Kf1 Kg7 67. Kg2 Kf6 68. Kf1 Ba7 69. Nd2 Kg5 70. Nb3 Kf4 71. Nd2 Bd4 72. Nb3 Bc3 73. Kf2 Be1+ 74. Kf1 Bh4 75. Kg2 Re2+ 76. Kf1 Ke3 77. Kg1 Bd8 78. Kf1 Rb2 79. Kg1 Bb6 80. Kf1 Kd3 81. Bg8 Rf2+ 82. Ke1 Rg2 83. Nc1+ Ke3 84. Bc4 Rc2 0-1

[Event "EU-Cup 28th"]
[Site "Eilat"]
[Date "2012.10.13"]
[Round "3.3"]
[White "Lindberg, Bo"]
[Black "Swinkels, Robin"]
[Result "1-0"]
[WhiteElo "2403"]
[BlackElo "2494"]
[PlyCount "65"]
[EventDate "2012.10.11"]
[EventType "team-swiss"]
[EventRounds "7"]
[EventCountry "ISR"]
[SourceTitle "CBM 151"]
[Source "ChessBase"]
[SourceDate "2012.11.13"]
[SourceVersion "1"]
[SourceVersionDate "2012.11.13"]
[SourceQuality "1"]
[WhiteTeam "Team Viking"]
[BlackTeam "Eynatten"]
[WhiteTeamCountry "SWE"]
[BlackTeamCountry "BEL"]

1. d4 Nf6 2. Bg5 Ne4 3. Bf4 c5 4. f3 Qa5+ 5. c3 Nf6 6. d5 e6 7. e4 exd5 8. e5 Nh5 9. Be3 d4 10. Bd2 Qd8 11. Qe2 d3 12. Qe3 Qh4+ 13. Qf2 Qe7 14. Qe3 Qh4+ 15. Qf2 Qe7 16. Qe3 f5 17. Na3 f4 18. Qe4 Qh4+ 19. g3 Nxg3 20. hxg3 Qxh1 21. Bxf4 Qxg1 22. Nb5 Nc6 23. 0-0-0 c4 24. Nd6+ Kd8 25. Nf7+ Kc7 26. e6+ d6 27. Qxc4 b5 28. Qxd3 Bxe6 29. Nxd6 Rd8 30. Nf7+ Bd6 31. Nxd6 Bxa2 32. Qxb5 Qb6 33. Nc4+ 1-0